000 00236nam a2200097Ia 4500
001 721446
005 20250826163252.0
008 250824s9999 xx 000 0 und d
245 0 _aSAFİYE SULTAN
_cM.TURHAN TAN
260 _bPANAMA YAYINLARI
999 _c721446
_d721446